000 00907nam a22002537a 4500
003 OSt
005 20150408114219.0
008 140517s2014 enka g 001 0 eng d
020 _a9780415706469
020 _z9781315884752 (ebook)
040 _aMa-Un
082 0 0 _222
_a658.26
_bTDE
100 1 _aThorpe, Dave,
_d1954-
_945349
245 1 0 _aEnergy management in buildings :
_bthe Earthscan expert guide /
_cDavid Thorpe.
250 _a1rt. ed
260 _aLondon :
_aNew York :
_bRoutledge, Taylor & Francis Group, Earthscan from Routledge,
_c2014
300 _axvi, 229 p. :
_bill. ;
_c26 cm.
490 0 _aEarthscan expert series
500 _aIncludes index.
650 _aBuildings
_xEnergy conservation
_919211
650 _aBuilding management.
_945350
942 _2ddc
_cBOOK
999 _c35170
_d269670